00613nam a2200193Ia 4500008004100000041001200041082001000053100004100063245006200104260002600166300000800192365000800200520002500208546001200233630006200245650002500307655002500332730006200357101110s9999 xx 000 0 und d aENGLISH bFR173 aSundarmanri M. and Rangannathan T.T. aIndigenous agricultural practices for sustainable farming c--bAgrobios, Jodhpur a315 b695 aDry-land Agriculture aENGLISH aIndigenous agricultural practices for sustainable farming aDry-land Agriculture aDry-land Agriculture aIndigenous agricultural practices for sustainable farming